000 00497nam a2200145 4500
005 20260227095241.0
008 260227b |||||||| |||| 00| 0 eng d
020 _a0829015477
100 _aHatcher A. Robert, Guest Felicia, Stewart Felicia, Stewart K. Gary, Trussell James and Frank Erica
245 _aContraceptive Technology 1984-1985
_c/ Robert A. Hatcher
250 _a12th ed
260 _aNew York;
_bIrvington Publishers, Inc;
_c1984
300 _axv, 304p.ill;
_c21.4cm
942 _2lcc
_n0
_cBK
999 _c181
_d181